000 00541nam a2200169Ia 4500
003 LDD
008 190117s9999 xx 000 0 und d
020 _c₹80
040 _cLDD
041 _ahi
082 _a8H0.309 अ7659द
100 _aअहमद, इकबाल
245 0 _aदक्खिनी साहित्य का आलोचनात्मक इतिहास
_cइकबाल अहमद
260 _aइलाहाबाद
_bलोकभारती
_c1986
300 _a418प्र.
942 _2ddc
_cH
999 _c154761
_d154761